000 00616nam a2200193 i 4500
001 47552
003 ES-MaACL
007 t|
008 030505s1916 sp ||||1| spa d
080 _a821.134.2-32"19"
100 1 _aGarcía Sanchiz, Federico,
_d1886-1964
_955269
245 1 3 _aEl baile
_b: (escenas del Barrio Latino, antes de la guerra) /
_cpor Federico García Sanchíz.
260 _aMadrid :
_b[s.n.],
_c1916.
300 _a34 p. ;
_c19 cm.
490 1 _aLa novela corta ;
_v9
830 0 _aLa novela corta ;
_v9
_9182142
852 _aES-MaACL
_jG-4947(9)
_bR.132489
999 _c47552
_d47552